000 00345nam a22001457a 4500
008 230516b ||||| |||| 00| 0 eng d
020 _a0742516601
041 _aeng
080 _a330.72
082 _a330.72BER
100 _a23
101 _aGLOB
245 _aLABOR AND CAPITAL IN THE AGE OF GLOBALIZATION
_cBERBEROGLU.B
942 _2udc
_cBK
999 _c59750
_d59750